000 00934nam a22003017a 4500
003 CHAP
005 20220329134709.0
008 971013s r 00010 d
010 _a24351
011 _a25323
035 _a29423
040 _cCHAP
082 _a633.15
_bC63
110 _aComisión Nacional del Maíz. México
_925814
245 _aInforme de labores, 19 -
260 _aMéxico, D. F. :
_bLa Comisión,
_c19 -
300 _av.
500 _aLa biblioteca tiene: 1957-58
590 _aBATCH-UPD
_b10
_c20130110
_lUCH01
_h1449
590 _aBATCH-UPD
_b10
_c20130410
_lUCH01
_h0917
590 _aBATCH-UPD
_b10
_c20130914
_lUCH01
_h1749
590 _aCONVERSION
_b10
_c20130109
_lUCH01
_h1314
650 1 4 _aMaíz
_xInvestigación.
_970984
650 1 4 _aMaíz
_xInvestigación
_xMéxico.
_970991
901 _aBK
942 _cLIBRO
949 _a633.15 C63
_bBC
_cLIBRO
_d33724000191375
_eLIBRO
_f1957-58
_h33959
_i29423
_mD
_si
999 _c24351
_d24351